| 000 | 00333nam a2200109Ia 4500 | ||
|---|---|---|---|
| 008 | 171205s9999 xx 000 0 und d | ||
| 020 | _a9789715422956 | ||
| 100 | _aLopez, Mellie Leandicho. | ||
| 245 |
_cMellie Leandicho Lopez _aA Study of Philippine Games |
||
| 260 |
_bUniversity of the Philippines Press _c2001 |
||
| 300 | _a592 pages | ||
| 999 |
_c347359 _d347359 |
||